000 01288camaa22003731i 4500
003 EG-GICUC
005 20260628151528.0
008 951020s1996 nyua jrb 000 0 eng
020 _a0471304581
020 _a9780471304586
040 _aEG-GICUC
_cEG-GICUC
_dEG-GICUC
_beng
_erda
050 0 0 _a621.4022
_bA85
082 0 0 _a621.4022
_220
_bA85
092 0 4 _221
_a621.4022
_bA85
099 _a621.4022 A85
100 1 _a621.4022.
_eAuthor.
245 1 0 _aIntroduction to heat transfer /
_cFrank P. Incropera, David P. DeWitt.
250 _a3rd ed.
260 _aNew York :
_bWiley,
_cc1996.
264 _aNew York :
_bWiley
_cc1996
300 _axxiii, 801 pages. :
_billustration. ;
_c26 cm.
336 _2rdacontent
_atext
337 _2rdamedia
_aUnmediated
338 _2rdacarrier
_avolume
504 _aIncludes bibliographical references and index.
541 _aوزارة الثقافة ؛
_bالقاهرة ؛
_cإهداء ؛
_d2023.
650 0 _aHeat
_xTransmission.
_2qrmak
651 1 _2qrmak
700 1 _aDeWitt, David P.,
_d1934-
856 4 _3Table of Contents
_uhttp://www.loc.gov/catdir/toc/onix02/95046180.html
856 4 2 _3Publisher description
_uhttp://www.loc.gov/catdir/enhancements/fy0706/95046180-d.html
905 _aHany
942 _2ddc
_cBK
_e21
_n0
999 _c180638
_d180638